000 00551nam a2200157Ia 4500
008 150610s9999 xx 000 0 und d
020 _a9781591842866
050 _aHF5415.32
_b.D43 2009
100 _aDe Marchi, Scott
245 _aYou are what you choose:
_bthe habits of mind that really determine how we make decisions /
_cScott de Marchi and James T. Hamilton.
260 _aUSA :
_bPenguin Group,
_c2009.
300 _a197pages ;
_c22 cm.
520 _aConsumers' preferences.
650 _xConsumer behavior.
650 _xConsumer satisfaction.
999 _c288016
_d288016